LEADER 03400nam 2200661Ia 450 001 9910830114803321 005 20230607214104.0 010 $a1-280-19782-X 010 $a9786610197828 010 $a0-470-70896-4 010 $a0-470-75038-3 010 $a0-470-75103-7 010 $a1-4051-2394-X 035 $a(CKB)111087027742276 035 $a(EBL)214164 035 $a(OCoLC)808033355 035 $a(SSID)ssj0000270099 035 $a(PQKBManifestationID)11253653 035 $a(PQKBTitleCode)TC0000270099 035 $a(PQKBWorkID)10249811 035 $a(PQKB)10497328 035 $a(MiAaPQ)EBC214164 035 $a(EXLCZ)99111087027742276 100 $a20030714d2002 uy 0 101 0 $aeng 135 $aur|n|---||||| 181 $ctxt 182 $cc 183 $acr 200 00$aWeed management handbook$b[electronic resource] /$fedited by Robert E.L. Naylor 205 $a9th ed. 210 $aOxford ;$aMalden, MA $cPublished for the British Crop Protection Council by Blackwell Science$d2002 215 $a1 online resource (434 p.) 300 $aRev. ed. of: Weed control handbook. 8th ed. 1990. 311 $a0-632-05732-7 320 $aIncludes bibliographical references and index. 327 $aWeed Management Handbook; Contents; Introduction; 1 What is a Weed?; 2 Weed Competition; 3 What is the Weed Seed Bank?; 4 Weed Population Dynamics; 5 Weeds and Biodiversity; 6 Herbicide Discovery; 7 Herbicide Legislation and Regulation; 8 Herbicides: Modes of Action and Metabolism; 9 Herbicide Formulation and Delivery; 10 Methodology of Application; 11 Herbicide-Resistant Weeds; 12 Herbicide-Tolerant Crops; 13 Non-chemical Weed Management; 14 Integrated Weed Management; 15 Developing Decision-Support Systems to Improve Weed Management; 16 Optimising Herbicide Performance 327 $a17 Biological Control of Weeds18 Weed Management Strategies for Winter Cereals; 19 Weed Control in other Arable and Field Vegetable Crops; 20 Management of Aquatic Weeds; 21 Where is Weed Management Going?; Index 330 $aWeed Management Handbook updates the 8th edition of Weed Control Handbook (1990). The change in the title and contents of the book from previous editions reflects both the current emphasis on producing crops in a sustainable and environmentally-friendly manner, and the new weed management challenges presenting themselves. This landmark publication contains cutting edge chapters, each written by acknowledged experts in their fields and carefully drawn together and edited by Professor Robert Naylor, known and respected world-wide for his knowledge of the area. The sequence of chapters i 606 $aWeeds$xIntegrated control$vHandbooks, manuals, etc 606 $aWeeds$xIntegrated control$zGreat Britain$vHandbooks, manuals, etc 606 $aHerbicides$vHandbooks, manuals, etc 606 $aHerbicides$zGreat Britain$vHandbooks, manuals, etc 615 0$aWeeds$xIntegrated control 615 0$aWeeds$xIntegrated control 615 0$aHerbicides 615 0$aHerbicides 676 $a632.5 676 $a632/.5 701 $aNaylor$b Robert E. L$0873769 712 02$aBritish Crop Protection Council. 801 0$bMiAaPQ 801 1$bMiAaPQ 801 2$bMiAaPQ 906 $aBOOK 912 $a9910830114803321 996 $aWeed management handbook$91950635 997 $aUNINA LEADER 02966nam 2200697 a 450 001 9911019887303321 005 20200520144314.0 010 $a9786612687389 010 $a9780470885383 010 $a0470885386 010 $a9781119204305 010 $a1119204305 010 $a9781282687387 010 $a1282687387 010 $a9780470883372 010 $a0470883375 035 $a(CKB)2560000000011784 035 $a(EBL)540086 035 $a(OCoLC)642662029 035 $a(SSID)ssj0000439269 035 $a(PQKBManifestationID)12157205 035 $a(PQKBTitleCode)TC0000439269 035 $a(PQKBWorkID)10460142 035 $a(PQKB)11673884 035 $a(MiAaPQ)EBC540086 035 $a(Perlego)1008769 035 $a(EXLCZ)992560000000011784 100 $a20090501d2009 uy 0 101 0 $aeng 135 $aur|n|---||||| 181 $ctxt 182 $cc 183 $acr 200 10$aMaking sense of the dollar $eexposing dangerous myths about trade and foreign exchange /$fMarc Chandler 205 $a1st ed. 210 $aNew York $cBloomberg Press$d2009 215 $a1 online resource (242 p.) 225 1 $aBloomberg ;$vv.18 300 $aDescription based upon print version of record. 311 08$a9781576603215 311 08$a1576603210 320 $aIncludes bibliographical references (p. 203-205) and index. 327 $aMaking Sense of the Dollar; Contents; Acknowledgments; Introduction; 1 Myth 1: The Trade Deficit Reflects U.S. Competitiveness; 2 Myth 2: The Current Account Deficit Drives the Dollar; 3 Myth 3: You Can't Have Too Much Money; 4 Myth 4: Labor Market Flexibility Is the Key to U.S. Economic Prowess; 5 Myth 5: There Is One Type of Capitalism; 6 Myth 6: The Dollar's Privileged Place in the World Is Lost; 7 Myth 7: Globalization Destroyed American Industry; 8 Myth 8: U.S. Capitalist Development Prevents Socialism; 9 Myth 9: The Weak U.S. Dollar Boosts Exports and Drives Stock Markets 327 $a10 Myth 10: The Foreign Exchange Market Is Strange and Speculative11 Summary and Some Thoughts on the Way Forward; Bibliography; Index 330 $a"Making Sense of the Dollar explores the many factors--trade deficits, the dollar's role in the world, globalization, capitalism, and more--that affect the dollar and the U.S. economy and lead to the inescapable conclusion that both are much stronger than many people suppose"--Provided by publisher. 410 0$aBloomberg 606 $aForeign exchange$zUnited States 606 $aDollar, American 606 $aBalance of trade$zUnited States 615 0$aForeign exchange 615 0$aDollar, American. 615 0$aBalance of trade 676 $a332.4/560973 700 $aChandler$b Marc$f1961-$01840552 801 0$bMiAaPQ 801 1$bMiAaPQ 801 2$bMiAaPQ 906 $aBOOK 912 $a9911019887303321 996 $aMaking sense of the dollar$94420126 997 $aUNINA